000 01935cam a22004334i 4500
003 PE-LiUPU
005 20250731173221.0
008 150625s1976 kyu r 000 0 eng d
020 _a0664209858
035 _a(Sirsi) i9780664209858
040 _aPE-LiUPU
_bspa
_cPE-LiUPU
_erda
049 _aPRUA
082 0 4 _a221.07
_bOTL
_221
100 1 _aChilds, Brevard S.,
_eautor.
245 1 4 _aThe book of exodus :
_bA critical, Theological Commentary /
_cBrevard S. Childs
264 1 _aLouisville, Kentucky :
_bThe Westminters press,
_c1976.
300 _a659 páginas ;
_c23 centímetros.
336 _atext
_2rdacontent
337 _aunmediated
_2rdamedia
338 _avolume
_2rdacarrier
490 1 _a(The Old Testament Library)
505 0 _aIsrael's persecution and the Birth of Moses -- Moses slays an Egyptian and fleets to midiam -- The call of Moses -- The plagues of Egypt -- Passover and Exodus -- The deliverance at the sea -- The song of the Sea -- The waters of Marah -- Manna and Quails -- Waters at massah and Meribah -- War with the Amalekites -- The visit of Jethro -- The thephany at Sinai -- The decalogue -- Status and ordinances of the covenant -- Directions for the Tabernacle and its service -- The golden calf -- God's presence endangered -- The Renewal of the covenant -- Tabernacle instructions executed.
526 _aSEG42
526 _aSEG41
526 _aSEG40
526 _aSEG39
526 _aP94
526 _aP87
526 _aP86
526 _aP85
526 _aP77
526 _aP76
526 _aP35
630 _aBiblia.
_pExodo
_xCrítica e interpretación
942 _2ddc
_cBK
949 _a221.07 OTL 2
_wDEWEY
_c1
_i37798
_d2016-5-26
_e2016-5-26
_lCCODEBUL1
_mBUL
_n1
_r0
_sY
_tBOOK
_u2015-6-25
_xTEOLOGIA
_zUNKNOWN
_0COMPRA
_o.STAFF. Colección Teología
999 _c41523
_d41523
980 _81
_gALBERTO SANCHEZ Responsable de Automatización